Combat Motivation The Behavior of Soldiers in Battle / (Record no. 565277)

000 -LEADER
fixed length control field 00350nam a2200121Ia 4500
008 - FIXED-LENGTH DATA ELEMENTS--GENERAL INFORMATION
fixed length control field 210430s9999 xx 000 0 und d
082 ## - DEWEY DECIMAL CLASSIFICATION NUMBER
Classification number 355.0019 K2911K
100 ## - MAIN ENTRY--PERSONAL NAME
Personal name Anthony Kellett
9 (RLIN) 20505
245 ## - TITLE STATEMENT
Title Combat Motivation The Behavior of Soldiers in Battle /
Statement of responsibility, etc. Anthony Kellett
260 ## - PUBLICATION, DISTRIBUTION, ETC.
Place of publication, distribution, etc. London
Name of publisher, distributor, etc. Kluwer
Date of publication, distribution, etc. 1982
300 ## - PHYSICAL DESCRIPTION
Extent 362
942 ## - ADDED ENTRY ELEMENTS (KOHA)
Koha item type Book
Source of classification or shelving scheme
Holdings
Withdrawn status Lost status Damaged status Not for loan Collection code Permanent Location Current Location Shelving location Date acquired Total Checkouts Full call number Barcode Date last seen Price effective from Koha item type
          School of Chemical & Materials Engineering (SCME) School of Chemical & Materials Engineering (SCME) General Stacks 06/15/4   355.0019 K2911K SCME-4567 04/30/2021 04/30/2021 Book
© 2023 Central Library, National University of Sciences and Technology. All Rights Reserved.